000 00602cam a22002053a 4500
001 37019
003 PGUSA
005 20140828083819.0
008 110809s2011||||xxu|||||s|||||000 | eng d
040 _aPGUSA
_beng
042 _adc
100 1 _aMorrison, Gertrude W.
245 1 4 _aThe Girls of Central High :
_bRivals for All Honors
_h[electronic resource] /
_cGertrude W. Morrison
260 _bProject Gutenberg,
_c2011
506 _aPublic domain in the USA.
516 _aElectronic text
830 0 _aProject Gutenberg
_v37019
856 4 0 _uhttp://www.gutenberg.org/ebooks/37019
942 _cEB
999 _c266274
_d266274